[Event "40º Torneo Internacional de Ajedrez de "]
[Site "La Roda (Albacete) - ESPAÑA"]
[Date "2013.03.28"]
[Round "3"]
[White "Sacristan Latorre, Alberto"]
[Black "Espinosa Aranda, Angel"]
[Result "0-1"]
[WhiteElo "2063"]
[BlackElo "2414"]
[PlyCount "114"]
[EventDate "2013.03.27"]
[EventRounds "9"]
[EventCountry "ESP"]

1. e4 c5 2. c3 Nf6 3. e5 Nd5 4. d4 cxd4 5. cxd4 e6 6. Nf3 b6 7. Bd3 Bb7 8. a3
Be7 9. O-O d6 10. Qe2 Nd7 11. Bd2 Rc8 12. Nc3 Nxc3 13. Bxc3 O-O 14. Rfd1 Qc7
15. Bb4 a5 16. exd6 Bxd6 17. Bxd6 Qxd6 18. Be4 Bxe4 19. Qxe4 Nf6 20. Qd3 Rc7
21. Rac1 Rfc8 22. Qd2 h6 23. h3 Nd5 24. Ne5 f6 25. Nf3 Rc6 26. Re1 Kf7 27. Rxc6
Qxc6 28. Qe2 Ne7 29. Qe3 Qd5 30. Rc1 Nf5 31. Qd2 Nxd4 32. Nxd4 Rxc1+ 33. Qxc1
Qxd4 34. Qc7+ Kg6 35. Qg3+ Kh7 36. Qb3 Qd6 37. Qe3 Kg6 38. Qe4+ f5 39. Qe3 Kf6
40. Qc3+ Qe5 41. Qd2 Ke7 42. Qc2 Qd4 43. Qc7+ Kf6 44. Qc2 b5 45. Qe2 b4 46.
axb4 axb4 47. Qc2 Qd6 48. Qb3 Qd2 49. Kh2 g5 50. f3 Ke5 51. Qa2 Qd6 52. Qa4
Kd4+ 53. Kh1 Ke3 54. Qb3+ Kf2 55. Qc2+ Kg3 56. Qe2 Qd4 57. Qe1+ Qf2 0-1

[Event "40º Torneo Internacional de Ajedrez de "]
[Site "La Roda (Albacete) - ESPAÑA"]
[Date "2013.03.28"]
[Round "3"]
[White "Ramiro Ovejero, Juan Luis"]
[Black "Ramos Del Campo, Alexander"]
[Result "1-0"]
[WhiteElo "2368"]
[BlackElo "2099"]
[PlyCount "77"]
[EventDate "2013.03.27"]
[EventRounds "9"]
[EventCountry "ESP"]

1. e4 d5 2. exd5 Qxd5 3. Nc3 Qa5 4. Bc4 Nf6 5. d3 Bg4 6. f3 Bh5 7. Bd2 c6 8.
Qe2 Bg6 9. Nh3 Qd8 10. Nf4 Nbd7 11. h4 Nb6 12. Bb3 Bf5 13. g4 Bc8 14. O-O-O
Nfd5 15. Ne4 e6 16. Nh5 g6 17. Nhg3 a5 18. c4 a4 19. Bc2 Bg7 20. cxd5 Nxd5 21.
g5 Qb6 22. Nd6+ Kf8 23. Nc4 Qc7 24. Ne4 b5 25. Ne3 Qe5 26. d4 Qxd4 27. Bc3
Qxe3+ 28. Qxe3 Nxe3 29. Rd8+ Ke7 30. Rxh8 Bxh8 31. Bxh8 Nd5 32. Be5 b4 33. Bd3
b3 34. a3 Ba6 35. Bxa6 Rxa6 36. Kd2 Ra8 37. Rc1 h6 38. Rxc6 hxg5 39. hxg5 1-0

[Event "40º Torneo Internacional de Ajedrez de "]
[Site "La Roda (Albacete) - ESPAÑA"]
[Date "2013.03.28"]
[Round "3"]
[White "De Lucas Bello, Federico"]
[Black "Kovacevic, Slobodan"]
[Result "0-1"]
[WhiteElo "1988"]
[BlackElo "2331"]
[PlyCount "110"]
[EventDate "2013.03.27"]
[EventRounds "9"]
[EventCountry "ESP"]

1. e4 c5 2. Nf3 e6 3. d4 cxd4 4. Nxd4 a6 5. Bd3 Nf6 6. O-O d6 7. c4 Be7 8. Nc3
Nbd7 9. a4 Qc7 10. b3 b6 11. f4 Bb7 12. f5 e5 13. Nc2 Nc5 14. Ne3 Rc8 15. Ned5
Qd8 16. Bc2 h6 17. Be3 Ncd7 18. Qe2 O-O 19. g3 Bc6 20. h3 Rb8 21. Kh2 Re8 22.
Rad1 Bf8 23. Rf2 Qc8 24. g4 Nh7 25. Rg2 Qd8 26. Bf2 Bxd5 27. Nxd5 Ndf6 28. Nc3
Be7 29. Bg3 Nd7 30. Qe1 g5 31. Bf2 Ndf6 32. Qe2 Qc7 33. Be3 Kg7 34. Kg3 Rec8
35. Rh2 Qb7 36. Kf3 Qc7 37. Kg2 b5 38. axb5 axb5 39. Bd3 Qb7 40. Bf2 b4 41. Nb5
Ra8 42. Rhh1 Nd7 43. Bb1 Ra6 44. Be1 Nc5 45. Bxb4 Nxb3 46. Bxd6 Bf6 47. Rd5 Re8
48. c5 Ra5 49. Nc7 Rc8 50. Qc4 Nd4 51. Rxd4 exd4 52. c6 Qb2+ 53. Kf3 Rxc7 54.
Bxc7 Ra3+ 55. Bd3 Qd2 0-1

[Event "40º Torneo Internacional de Ajedrez de "]
[Site "La Roda (Albacete) - ESPAÑA"]
[Date "2013.03.28"]
[Round "3"]
[White "Hernandez, Ivan"]
[Black "Montoya Pecurul, Marc"]
[Result "1/2-1/2"]
[WhiteElo "2320"]
[BlackElo "2001"]
[PlyCount "49"]
[EventDate "2013.03.27"]
[EventRounds "9"]
[EventCountry "ESP"]

1. c4 Nf6 2. Nc3 g6 3. e4 e5 4. Nf3 d6 5. d4 exd4 6. Nxd4 Bg7 7. Be2 O-O 8. O-O
Nc6 9. Be3 Bd7 10. f3 a6 11. Qd2 Rb8 12. Nb3 Be6 13. Rad1 Ne5 14. Nd5 b5 15.
cxb5 axb5 16. Qc1 Nxd5 17. exd5 Bd7 18. Nd4 Re8 19. Rf2 Nc4 20. Bxc4 bxc4 21.
Bg5 Qc8 22. Qxc4 Qb7 23. Bh4 Qb4 24. Qxb4 Rxb4 25. Rfd2 1/2-1/2

[Event "40º Torneo Internacional de Ajedrez de "]
[Site "La Roda (Albacete) - ESPAÑA"]
[Date "2013.03.28"]
[Round "3"]
[White "Rodriguez Melendez, Juan Humbe"]
[Black "Burmakin, Vladimir"]
[Result "0-1"]
[WhiteElo "2100"]
[BlackElo "2577"]
[PlyCount "46"]
[EventDate "2013.03.27"]
[EventRounds "9"]
[EventCountry "ESP"]

1. e4 c6 2. d4 d5 3. e5 Bf5 4. h4 h5 5. c4 e6 6. Nc3 Be7 7. g3 Nd7 8. Bd3 dxc4
9. Bxf5 exf5 10. a4 Nb6 11. Nge2 Nd5 12. O-O g5 13. hxg5 Bxg5 14. a5 h4 15. Ra4
hxg3 16. fxg3 Bxc1 17. Qxc1 Nge7 18. Kf2 Rh2+ 19. Ke1 b5 20. axb6 axb6 21. Rxc4
b5 22. Nxd5 Qxd5 23. Rc3 Kd7 {.....} 0-1

[Event "40º Torneo Internacional de Ajedrez de "]
[Site "La Roda (Albacete) - ESPAÑA"]
[Date "2013.03.28"]
[Round "3"]
[White "Sanchez Dengra, Jose Maria"]
[Black "Ibarra Jerez, Jose Carlos"]
[Result "1/2-1/2"]
[WhiteElo "2082"]
[BlackElo "2544"]
[PlyCount "52"]
[EventDate "2013.03.27"]
[EventRounds "9"]
[EventCountry "ESP"]

1. e4 c5 2. Nf3 e6 3. d4 cxd4 4. Nxd4 a6 5. Nc3 b5 6. Bd3 Qb6 7. Nf3 Qc7 8. O-O
Bb7 9. Re1 Be7 10. e5 f5 11. Bf4 Nh6 12. a4 b4 13. Nb1 Nc6 14. Nbd2 Na5 15. Rc1
Rb8 16. Qe2 Qc6 17. Nb3 Nxb3 18. cxb3 Qb6 19. Red1 O-O 20. Be3 Qa5 21. Bxh6
gxh6 22. Bc4 Bc8 23. Rd3 Kh8 24. Qd2 Bg5 25. Nxg5 hxg5 26. Re1 Rg8 1/2-1/2

[Event "40º Torneo Internacional de Ajedrez de "]
[Site "La Roda (Albacete) - ESPAÑA"]
[Date "2013.03.29"]
[Round "4"]
[White "Korneev, Oleg"]
[Black "Campora, Daniel H"]
[Result "1-0"]
[WhiteElo "2609"]
[BlackElo "2483"]
[PlyCount "44"]
[EventDate "2013.03.27"]
[EventRounds "9"]
[EventCountry "ESP"]

1. e4 e5 2. Nf3 Nc6 3. Bc4 Bc5 4. O-O Nf6 5. d3 d6 6. c3 O-O 7. Bb3 a6 8. Nbd2
Ba7 9. h3 Ne7 10. Re1 Ng6 11. Nf1 Be6 12. Ng3 h6 13. d4 Bxb3 14. Qxb3 Rb8 15.
Be3 exd4 16. cxd4 Re8 17. Qc2 c6 18. Rad1 Qd7 19. a4 Rbd8 20. b3 Re6 21. Re2
Rde8 22. Rde1 Bb6 {....} 1-0

[Event "40º Torneo Internacional de Ajedrez de "]
[Site "La Roda (Albacete) - ESPAÑA"]
[Date "2013.03.29"]
[Round "4"]
[White "Sedlak, Nikola"]
[Black "Arribas Lopez, Angel"]
[Result "1/2-1/2"]
[WhiteElo "2577"]
[BlackElo "2478"]
[PlyCount "82"]
[EventDate "2013.03.27"]
[EventRounds "9"]
[EventCountry "ESP"]

1. d4 Nf6 2. c4 g6 3. g3 Bg7 4. Bg2 d6 5. Nf3 O-O 6. O-O Nc6 7. Nc3 a6 8. e3
Bd7 9. b3 Na5 10. Qe2 b5 11. Nd2 b4 12. Nce4 Nxe4 13. Bxe4 Bc6 14. Bb2 e6 15.
Bxc6 Nxc6 16. Nf3 Qe7 17. d5 Bxb2 18. Qxb2 exd5 19. cxd5 Qe4 20. dxc6 Qxf3 21.
Rac1 Rfe8 22. Rc4 Re4 23. Rfc1 Rae8 24. Qd2 a5 25. Rd4 h5 26. Qd1 Qxd1+ 27.
Rdxd1 R4e5 28. Kf1 Kf8 29. Ke2 R8e6 30. Rd4 Ke8 31. Kd3 f5 32. h4 Rb5 33. f3
Rbe5 34. e4 fxe4+ 35. fxe4 Rf6 36. Ke3 g5 37. Rd5 Rxd5 38. exd5 g4 39. Kd4 Rf3
40. Re1+ Kf7 41. Re3 Rxe3 1/2-1/2

[Event "40º Torneo Internacional de Ajedrez de "]
[Site "La Roda (Albacete) - ESPAÑA"]
[Date "2013.03.29"]
[Round "4"]
[White "Cabrera, Alexis"]
[Black "Espinosa Aranda, Angel"]
[Result "1/2-1/2"]
[WhiteElo "2529"]
[BlackElo "2414"]
[PlyCount "127"]
[EventDate "2013.03.27"]
[EventRounds "9"]
[EventCountry "ESP"]

1. e4 e6 2. d4 d5 3. Nc3 Nf6 4. e5 Nfd7 5. f4 c5 6. Nf3 Nc6 7. Be3 Be7 8. Qd2
O-O 9. dxc5 Qa5 10. O-O-O b6 11. Bb5 Bb7 12. Kb1 Nxc5 13. Bxc6 Bxc6 14. Nd4
Rac8 15. f5 Na4 16. Nxa4 Qxd2 17. Rxd2 Bxa4 18. Rf1 exf5 19. Nxf5 Rfe8 20. b3
Bc6 21. Bd4 Bf8 22. g4 Rcd8 23. g5 Bd7 24. Ne3 Be6 25. Kb2 Rd7 26. a4 Rc8 27.
Ra1 Bb4 28. c3 Be7 29. h4 Rb8 30. Ng2 a5 31. Kc1 Rc7 32. Rda2 Bc5 33. Kd2 Bxd4
34. cxd4 Rbc8 35. Ne3 Rc3 36. Rb2 g6 37. b4 Kg7 38. bxa5 bxa5 39. Rb5 Bf5 40.
Nxf5+ gxf5 41. Rf1 Rc2+ 42. Ke3 Rh2 43. Rxd5 Rxh4 44. Rxf5 Rc3+ 45. Kf2 Rh2+
46. Kg1 Rd2 47. Rf2 Rxf2 48. Kxf2 Rc4 49. Ke3 Rxa4 50. Rd6 Ra1 51. Ra6 a4 52.
Kd2 a3 53. d5 Kf8 54. d6 Ke8 55. Ra8+ Kd7 56. Ra7+ Ke8 57. Kc2 Re1 58. Re7+ Kd8
59. Kb3 Re3+ 60. Ka2 Kc8 61. Rxf7 Rxe5 62. d7+ Kd8 63. Rg7 Re7 64. Rxe7 1/2-1/2

[Event "40º Torneo Internacional de Ajedrez de "]
[Site "La Roda (Albacete) - ESPAÑA"]
[Date "2013.03.29"]
[Round "4"]
[White "Khamrakulov, Ibragim S"]
[Black "Ramiro Ovejero, Juan Luis"]
[Result "0-1"]
[WhiteElo "2506"]
[BlackElo "2368"]
[PlyCount "106"]
[EventDate "2013.03.27"]
[EventRounds "9"]
[EventCountry "ESP"]

1. e4 c6 2. d4 d5 3. Nc3 dxe4 4. Nxe4 Bf5 5. Nc5 b6 6. Nb3 e6 7. Nf3 Nd7 8. Bf4
Ngf6 9. Nh4 Bg4 10. Nf3 a5 11. h3 Bh5 12. a4 Nd5 13. Bh2 Bxf3 14. Qxf3 N7f6 15.
Nd2 Bd6 16. Bxd6 Qxd6 17. Nc4 Qc7 18. c3 O-O 19. Bd3 c5 20. dxc5 Qxc5 21. O-O
Rad8 22. Rfd1 Qc7 23. Bf1 Nd7 24. Qe4 Nc5 25. Qc2 Nb7 26. Rd4 Nb4 27. Qe4 Rxd4
28. cxd4 Rd8 29. Qe5 Qc6 30. Ne3 Nd6 31. g3 Qd7 32. b3 Rc8 33. d5 exd5 34. Nxd5
Nxd5 35. Qxd5 Qc7 36. Qd2 Ne4 37. Qe3 Qc3 38. Rd1 Qxe3 39. fxe3 Kf8 40. Bg2 f5
41. g4 Rc3 42. gxf5 Rxe3 43. Rd8+ Ke7 44. Ra8 Kf6 45. Rb8 Kxf5 46. Rxb6 Kf4 47.
Kh2 g5 48. b4 Ra3 49. bxa5 Rxa4 50. a6 h5 51. Bf1 Ra2+ 52. Kg1 Nd2 53. Be2 Kg3
0-1

[Event "40º Torneo Internacional de Ajedrez de "]
[Site "La Roda (Albacete) - ESPAÑA"]
[Date "2013.03.29"]
[Round "4"]
[White "Kovacevic, Slobodan"]
[Black "Strikovic, Aleksa"]
[Result "0-1"]
[WhiteElo "2331"]
[BlackElo "2500"]
[PlyCount "67"]
[EventDate "2013.03.27"]
[EventRounds "9"]
[EventCountry "ESP"]

1. d4 d6 2. Nf3 Nd7 3. Bf4 g6 4. e4 Bg7 5. Bg5 Ngf6 6. Nbd2 h6 7. Bh4 g5 8. Bg3
Nh5 9. c3 e6 10. Nc4 Nxg3 11. hxg3 b6 12. Bd3 Bb7 13. Qe2 Qe7 14. Ne3 a6 15. a4
h5 16. Nd2 g4 17. f3 gxf3 18. gxf3 h4 19. gxh4 Rxh4 20. O-O-O Bh6 21. Ng2 Rxh1
22. Rxh1 Qf6 23. Kc2 Ke7 24. Ne3 Bf4 25. Ng2 Bh6 26. Ne3 Bg5 27. Ng4 Qf4 28.
Nf2 c5 29. Nh3 Qh4 30. d5 Bxd2 31. Kxd2 Ne5 32. dxe6 fxe6 33. Kc2 Nxd3 34. Qxd3
{.....} 0-1

[Event "40º Torneo Internacional de Ajedrez de "]
[Site "La Roda (Albacete) - ESPAÑA"]
[Date "2013.03.29"]
[Round "4"]
[White "Lopez Martinez, Josep Manuel"]
[Black "Tudela Corbalan, Carlos"]
[Result "1-0"]
[WhiteElo "2500"]
[BlackElo "2232"]
[PlyCount "63"]
[EventDate "2013.03.27"]
[EventRounds "9"]
[EventCountry "ESP"]

1. e4 g6 2. d4 Bg7 3. Nc3 c6 4. f4 d5 5. e5 Nh6 6. Be2 f6 7. Nf3 Bg4 8. Be3 O-O
9. g3 fxe5 10. dxe5 Nf5 11. Bf2 e6 12. Ng5 Bxe2 13. Qxe2 Qe7 14. O-O-O Nd7 15.
h4 b5 16. g4 Nh6 17. Be3 Nb6 18. Rdf1 Nc4 19. Nd1 Nf7 20. Nf3 c5 21. g5 Rfd8
22. h5 d4 23. Bd2 Nxb2 24. Kxb2 c4 25. hxg6 hxg6 26. Ka1 c3 27. Bc1 Rac8 28.
Qh2 Nh8 29. Nf2 Rc4 30. Qh7+ Kf7 31. Ne4 Qb7 32. Nf6 1-0

[Event "40º Torneo Internacional de Ajedrez de "]
[Site "La Roda (Albacete) - ESPAÑA"]
[Date "2013.03.29"]
[Round "4"]
[White "Burmakin, Vladimir"]
[Black "Quintin Navarro, Alberto"]
[Result "1-0"]
[WhiteElo "2577"]
[BlackElo "2244"]
[PlyCount "56"]
[EventDate "2013.03.27"]
[EventRounds "9"]
[EventCountry "ESP"]

1. d4 d5 2. Nf3 c6 3. c4 Nf6 4. Qb3 dxc4 5. Qxc4 Bf5 6. Nc3 e6 7. g3 Nbd7 8.
Bg2 Be7 9. O-O O-O 10. e3 Ne4 11. Rd1 Nxc3 12. bxc3 Be4 13. Qb3 Qb6 14. Ba3
Bxa3 15. Qxa3 c5 16. Ne1 Bxg2 17. Nxg2 Qc6 18. Rab1 b5 19. Nf4 cxd4 20. cxd4
Qb7 21. Qa5 a6 22. a4 e5 23. dxe5 Nxe5 24. Nd5 Rab8 25. axb5 axb5 26. Qc3 Rfe8
27. Qc7 Nc4 28. Rd4 h6 1-0

[Event "40º Torneo Internacional de Ajedrez de "]
[Site "La Roda (Albacete) - ESPAÑA"]
[Date "2013.03.29"]
[Round "4"]
[White "Martins, David Pires Tavares"]
[Black "Moskalenko, Viktor"]
[Result "1/2-1/2"]
[WhiteElo "2183"]
[BlackElo "2531"]
[PlyCount "63"]
[EventDate "2013.03.27"]
[EventRounds "9"]
[EventCountry "ESP"]

1. e4 d6 2. d4 Nf6 3. Nc3 g6 4. h3 Bg7 5. Nf3 O-O 6. Be3 c6 7. Qd2 Nbd7 8. e5
Nd5 9. Bh6 Nxc3 10. Bxg7 Kxg7 11. Qxc3 Nb6 12. O-O-O f6 13. Bc4 Bf5 14. Rhe1
Nxc4 15. Qxc4 Be4 16. Qb3 Bxf3 17. exd6 exd6 18. Qxf3 d5 19. Re3 Qd7 20. Rde1
Rae8 21. Qe2 Kf7 22. Rxe8 Rxe8 23. Qxe8+ Qxe8 24. Rxe8 Kxe8 25. Kd2 Kd7 26. Ke3
Ke6 27. g4 h6 28. Kf4 a5 29. Ke3 f5 30. f3 fxg4 31. hxg4 g5 32. c3 1/2-1/2

[Event "40º Torneo Internacional de Ajedrez de "]
[Site "La Roda (Albacete) - ESPAÑA"]
[Date "2013.03.29"]
[Round "4"]
[White "Picazo Lopez, Juan Antonio"]
[Black "Libiszewski, Fabien"]
[Result "1/2-1/2"]
[WhiteElo "2156"]
[BlackElo "2518"]
[PlyCount "71"]
[EventDate "2013.03.27"]
[EventRounds "9"]
[EventCountry "ESP"]

1. d4 Nf6 2. c4 g6 3. Nc3 Bg7 4. e4 d6 5. Be2 O-O 6. Be3 Nbd7 7. Qd2 e5 8. d5
Nc5 9. f3 a5 10. g4 h5 11. g5 Nh7 12. h4 a4 13. Nh3 Bd7 14. O-O-O Qb8 15. Kb1
Rc8 16. Nf2 Qa7 17. Nd3 Nf8 18. Nxc5 dxc5 19. Bd3 b6 20. Rh2 Rd8 21. Qc2 Qb7
22. Rhd2 Qb8 23. Ka1 Re8 24. Be2 Qb7 25. Bd3 Reb8 26. Be2 Kh8 27. Rf1 Re8 28.
Bd3 Qc8 29. Rdf2 Kg8 30. Kb1 Qd8 31. Rg1 Qe7 32. Ka1 Red8 33. Rd2 Qd6 34. Kb1
Re8 35. Ka1 Nh7 36. Kb1 1/2-1/2

[Event "40º Torneo Internacional de Ajedrez de "]
[Site "La Roda (Albacete) - ESPAÑA"]
[Date "2013.03.29"]
[Round "4"]
[White "Garcia Ramos, Marcos"]
[Black "Garza Marco, Sergio"]
[Result "0-1"]
[WhiteElo "2152"]
[BlackElo "2449"]
[PlyCount "52"]
[EventDate "2013.03.27"]
[EventRounds "9"]
[EventCountry "ESP"]

1. e4 e6 2. d4 d5 3. Nc3 Bb4 4. e5 c5 5. Bd2 Ne7 6. dxc5 Nbc6 7. Qg4 Nf5 8. Nf3
O-O 9. O-O-O f6 10. exf6 Qxf6 11. Bd3 Bxc5 12. a3 b5 13. Bxb5 Bd7 14. Rhe1 Bxf2
15. Re2 Bb6 16. Bxc6 Bxc6 17. Ne5 Rfc8 18. Bg5 Qf8 19. Nxc6 Rxc6 20. Rd3 Rac8
21. Kb1 Qf7 22. Bf4 Rc4 23. g3 Bd4 24. Nb5 Bf6 25. Qh3 Qd7 26. Rb3 a6 0-1

[Event "40º Torneo Internacional de Ajedrez de "]
[Site "La Roda (Albacete) - ESPAÑA"]
[Date "2013.03.29"]
[Round "4"]
[White "Lara Lopez, Sergio"]
[Black "Suba, Mihai"]
[Result "0-1"]
[WhiteElo "2146"]
[BlackElo "2414"]
[PlyCount "104"]
[EventDate "2013.03.27"]
[EventRounds "9"]
[EventCountry "ESP"]

1. e4 Nf6 2. d3 d5 3. e5 Nfd7 4. d4 c5 5. c3 Nc6 6. f4 cxd4 7. cxd4 Nb6 8. Nc3
Bf5 9. Be3 e6 10. Nf3 Rc8 11. Be2 Be7 12. O-O O-O 13. Nd2 Nb4 14. Rc1 Nd3 15.
Bxd3 Bxd3 16. Rf3 Bg6 17. g4 f5 18. Rg3 fxg4 19. Qxg4 Rf5 20. Rg2 Rc6 21. Ne2
Rxc1+ 22. Nxc1 Qc8 23. Ne2 Rf7 24. Ng3 Bf8 25. b3 Qc3 26. Ndf1 Qc6 27. Nd2 Nc8
28. Nf3 Qc3 29. Re2 Bd3 30. Bd2 Qc6 31. Re1 h6 32. Rc1 Qd7 33. Nh5 Bf5 34. Qg2
Kh8 35. Nh4 Be4 36. Qh3 Be7 37. Ng3 Bxh4 38. Qxh4 Ne7 39. Qh5 Nf5 40. Nxf5 Rxf5
41. Qh4 Kh7 42. Rc3 Rf8 43. Qg3 Rf7 44. Bc1 Qb5 45. Qe1 Qb4 46. Qe3 Rxf4 47.
Rc2 Rg4+ 48. Kf1 Qb5+ 49. Ke1 Qa5+ 50. Rc3 Qxa2 51. Bd2 Bf5 52. Kf2 Re4 0-1

[Event "40º Torneo Internacional de Ajedrez de "]
[Site "La Roda (Albacete) - ESPAÑA"]
[Date "2013.03.29"]
[Round "4"]
[White "Picazo Lopez, Ignacio"]
[Black "Antoli Royo, Joaquin Miguel"]
[Result "0-1"]
[WhiteElo "2120"]
[BlackElo "2414"]
[PlyCount "64"]
[EventDate "2013.03.27"]
[EventRounds "9"]
[EventCountry "ESP"]

1. e4 c5 2. Nf3 Nc6 3. d4 cxd4 4. Nxd4 Qc7 5. Nc3 e6 6. g3 a6 7. Bg2 h5 8. h3
Nf6 9. a3 b5 10. O-O Bb7 11. Re1 Nxd4 12. Qxd4 Bc5 13. Qd3 h4 14. Bf4 Qb6 15.
Be3 hxg3 16. fxg3 d6 17. Rad1 Nd7 18. b4 Bxe3+ 19. Qxe3 Qxe3+ 20. Rxe3 Ne5 21.
a4 Nc4 22. Re2 Bc6 23. Rd5 Bxd5 24. exd5 e5 25. axb5 axb5 26. Nxb5 Kd7 27. Rf2
Ke7 28. Re2 Ra1+ 29. Kh2 Kd7 30. Rf2 f6 31. Nc3 Ne3 32. Bf3 Rc8 0-1

[Event "40º Torneo Internacional de Ajedrez de "]
[Site "La Roda (Albacete) - ESPAÑA"]
[Date "2013.03.29"]
[Round "4"]
[White "Martin Carmona, Gaston Manuel"]
[Black "Hernandez, Ivan"]
[Result "0-1"]
[WhiteElo "1848"]
[BlackElo "2320"]
[PlyCount "86"]
[EventDate "2013.03.27"]
[EventRounds "9"]
[EventCountry "ESP"]

1. d4 Nf6 2. Nf3 e6 3. g3 b5 4. Bg2 Bb7 5. O-O c5 6. c3 Na6 7. Bg5 Be7 8. Nbd2
O-O 9. Re1 h6 10. Bxf6 Bxf6 11. e4 Be7 12. Qe2 cxd4 13. cxd4 Qb6 14. a3 Rac8
15. Bf1 Nc7 16. Nb3 d6 17. Qd2 f5 18. Qd3 fxe4 19. Rxe4 Bxe4 20. Qxe4 Rf5 21.
g4 Rf7 22. Bd3 g5 23. Qg6+ Rg7 24. Qxh6 Rf8 25. Nbd2 Qc6 26. Re1 Qd7 27. Qh5
Nd5 28. Qh3 Nf4 29. Qf1 a6 30. h3 Rgf7 31. Kh2 Bd8 32. a4 bxa4 33. Bxa6 Rh7 34.
Ng1 d5 35. Bb5 Qd6 36. Kh1 Qb4 37. Ndf3 Nxh3 38. Be2 Nf4+ 39. Nh2 Qxd4 40. Ngf3
Qxb2 41. Bd3 Rh6 42. Rb1 Qc3 43. Bb5 Qxf3+ 0-1

[Event "40º Torneo Internacional de Ajedrez de "]
[Site "La Roda (Albacete) - ESPAÑA"]
[Date "2013.03.29"]
[Round "4"]
[White "Ibarra Jerez, Jose Carlos"]
[Black "Moreno Simo, Javier"]
[Result "1-0"]
[WhiteElo "2544"]
[BlackElo "1987"]
[PlyCount "107"]
[EventDate "2013.03.27"]
[EventRounds "9"]
[EventCountry "ESP"]

1. e4 c5 2. Nf3 e6 3. d4 cxd4 4. Nxd4 a6 5. c4 Nf6 6. Nc3 Qc7 7. a3 Nc6 8. Be3
Ne5 9. Be2 Ng6 10. Qd2 b6 11. Rc1 Bb7 12. f3 Be7 13. Na4 Rb8 14. b4 d6 15. O-O
O-O 16. Rc2 Nd7 17. Rfc1 Rfc8 18. Bf1 Qd8 19. Nb3 h5 20. Qf2 Bg5 21. Rd2 b5 22.
cxb5 Rxc1 23. Nxc1 axb5 24. Bxb5 Nde5 25. Nc3 Qf6 26. N1e2 Nf4 27. Nxf4 Bxf4
28. Bxf4 Qxf4 29. Rd1 g5 30. Ne2 Qf6 31. Qa7 Qd8 32. a4 g4 33. f4 Nc6 34. Bxc6
Bxc6 35. b5 Bxe4 36. Qd4 d5 37. Ng3 Bg6 38. f5 exf5 39. Ne2 Qa5 40. Nc3 Re8 41.
b6 f4 42. Kf2 h4 43. Nxd5 g3+ 44. hxg3 fxg3+ 45. Kf1 Re6 46. Nf6+ Kg7 47. Nd5+
Kg8 48. Qc4 Be4 49. b7 Qa7 50. Qd4 Qxb7 51. Nf6+ Rxf6+ 52. Qxf6 Bxg2+ 53. Kg1
Qa7+ 54. Kxg2 1-0

[Event "40º Torneo Internacional de Ajedrez de "]
[Site "La Roda (Albacete) - ESPAÑA"]
[Date "2013.03.29"]
[Round "4"]
[White "Plaskett, H James"]
[Black "Donado-Mazarron Gomez, Miguel"]
[Result "1-0"]
[WhiteElo "2516"]
[BlackElo "2098"]
[PlyCount "75"]
[EventDate "2013.03.27"]
[EventRounds "9"]
[EventCountry "ESP"]

1. e4 c5 2. Nf3 d6 3. Bb5+ Nd7 4. O-O Ngf6 5. Re1 e6 6. c3 Be7 7. d4 cxd4 8.
cxd4 O-O 9. Nc3 a6 10. Bd3 b5 11. e5 Nd5 12. Nxd5 exd5 13. Bc2 Re8 14. Bf4 dxe5
15. dxe5 Nf8 16. Nd4 Bc5 17. Qd3 Qb6 18. Be3 Rxe5 19. b4 Rxe3 20. fxe3 Bxb4 21.
Rf1 Bg4 22. Rf4 Bh5 23. Nf5 Bc5 24. Qxd5 Rd8 25. Qe5 f6 26. Qc3 b4 27. Bb3+ Kh8
28. Qc4 Nd7 29. Qe6 Qxe6 30. Bxe6 Ne5 31. Nd4 Rd6 32. Bb3 g5 33. Rff1 Ng4 34.
Rfc1 Bb6 35. Rc8+ Rd8 36. Rac1 Rxc8 37. Rxc8+ Kg7 38. Rg8+ 1-0

[Event "40º Torneo Internacional de Ajedrez de "]
[Site "La Roda (Albacete) - ESPAÑA"]
[Date "2013.03.29"]
[Round "4"]
[White "Ribeiro, Jose"]
[Black "Ubilava, Elizbar"]
[Result "0-1"]
[WhiteElo "2107"]
[BlackElo "2495"]
[PlyCount "76"]
[EventDate "2013.03.27"]
[EventRounds "9"]
[EventCountry "ESP"]

1. d4 d6 2. c4 e5 3. dxe5 dxe5 4. Qxd8+ Kxd8 5. Bd2 Be6 6. Bc3 Nd7 7. Nd2 c6 8.
g3 f6 9. Bh3 Bxh3 10. Nxh3 Nh6 11. O-O a5 12. Rad1 Kc7 13. b3 Be7 14. Kg2 Nf5
15. Nb1 Rhd8 16. e4 Nd6 17. f3 a4 18. Rf2 axb3 19. axb3 Nc5 20. Rb2 h5 21. Nf2
b6 22. h3 Ndb7 23. Rxd8 Nxd8 24. f4 exf4 25. gxf4 Nde6 26. Kf3 Bd6 27. e5 fxe5
28. fxe5 Rf8+ 29. Ke2 Be7 30. Be1 Nd4+ 31. Kd1 Ndxb3 32. Nd2 Nxd2 33. Rxd2 Bh4
34. e6 Nxe6 35. Nd3 Bxe1 36. Nxe1 Rf4 37. Rc2 g5 38. Rc3 Kd6 0-1

[Event "40º Torneo Internacional de Ajedrez de "]
[Site "La Roda (Albacete) - ESPAÑA"]
[Date "2013.03.29"]
[Round "4"]
[White "Perez Mitjans, Orelvis"]
[Black "Moreno Ibanez, Miguel"]
[Result "0-1"]
[WhiteElo "2487"]
[BlackElo "2084"]
[PlyCount "70"]
[EventDate "2013.03.27"]
[EventRounds "9"]
[EventCountry "ESP"]

1. e4 c5 2. Nf3 d6 3. d4 cxd4 4. Nxd4 Nf6 5. Nc3 a6 6. Bg5 e6 7. Qf3 Nbd7 8.
O-O-O Be7 9. Kb1 O-O 10. h4 Qc7 11. g4 b5 12. Bxf6 Bxf6 13. g5 Be5 14. Qe3 b4
15. Nce2 Nb6 16. h5 d5 17. Bg2 Nc4 18. Qd3 a5 19. g6 Ba6 20. Qh3 Rab8 21. h6
gxh6 22. exd5 Na3+ 23. bxa3 bxa3+ 24. Nb3 Bxe2 25. Rde1 Qc4 26. dxe6 Qd4 27.
exf7+ Kh8 28. g7+ Bxg7 29. Kc1 Qb2+ 30. Kd2 Bc4 31. Be4 Rxf7 32. Bd3 Bxb3 33.
Qg3 Bc3+ 34. Ke2 Re8+ 35. Be4 Rxe4+ 0-1

[Event "40º Torneo Internacional de Ajedrez de "]
[Site "La Roda (Albacete) - ESPAÑA"]
[Date "2013.03.29"]
[Round "4"]
[White "Monell Camarasa, David"]
[Black "Sanchez Dengra, Jose Maria"]
[Result "1/2-1/2"]
[WhiteElo "2266"]
[BlackElo "2082"]
[PlyCount "108"]
[EventDate "2013.03.27"]
[EventRounds "9"]
[EventCountry "ESP"]

1. d4 Nf6 2. c4 e6 3. Nc3 Bb4 4. Qc2 Nc6 5. e3 O-O 6. Bd3 d6 7. a3 Bxc3+ 8.
Qxc3 e5 9. Ne2 Re8 10. b4 Bg4 11. f3 e4 12. fxg4 exd3 13. Qxd3 Nxg4 14. O-O Qe7
15. b5 Nce5 16. dxe5 Qxe5 17. Rf4 Nxe3 18. Ra2 g5 19. Bb2 Qc5 20. Qd4 Nxc4 21.
Qxc5 dxc5 22. Rf5 h6 23. Bc3 b6 24. Rf6 Re6 25. Rxe6 fxe6 26. Ng3 Rd8 27. Ne4
Rd3 28. Kf2 Re3 29. Nf6+ Kf7 30. Bb2 Rb3 31. Ba1 Rxa3 32. Rxa3 Nxa3 33. Ng4 Kg6
34. Ne5+ Kh7 35. Kf3 Nxb5 36. Kg4 Nd6 37. Kh5 Ne8 38. Nd7 c4 39. Nf8+ Kg8 40.
Nxe6 Nf6+ 41. Kxh6 Ng4+ 42. Kxg5 Nxh2 43. Nxc7 Nf1 44. Kf4 Nd2 45. Ke5 Kf7 46.
Bc3 Nb1 47. Be1 c3 48. Bg3 c2 49. Bf4 Nc3 50. Bd2 Ne2 51. Nb5 a5 52. Kd5 c1=Q
53. Bxc1 Nxc1 54. Kc6 Nb3 1/2-1/2

[Event "40º Torneo Internacional de Ajedrez de "]
[Site "La Roda (Albacete) - ESPAÑA"]
[Date "2013.03.29"]
[Round "5"]
[White "Strikovic, Aleksa"]
[Black "Korneev, Oleg"]
[Result "1/2-1/2"]
[WhiteElo "2500"]
[BlackElo "2609"]
[PlyCount "62"]
[EventDate "2013.03.27"]
[EventRounds "9"]
[EventCountry "ESP"]

1. c4 e5 2. Nc3 Nf6 3. Nf3 Nc6 4. e3 Bb4 5. Qc2 Bxc3 6. Qxc3 Qe7 7. a3 d5 8. d4
exd4 9. Nxd4 Nxd4 10. Qxd4 c5 11. Qh4 dxc4 12. Bxc4 O-O 13. O-O Be6 14. b3 Bxc4
15. Qxc4 Rfd8 16. Bb2 Rd2 17. Bc3 Ne4 18. Bxd2 Nxd2 19. Qc2 Nxf1 20. Rxf1 b5
21. Rd1 Rd8 22. Rxd8+ Qxd8 23. Kf1 g6 24. Ke2 Qd5 25. g4 Qg2 26. Qxc5 Qxg4+ 27.
Kf1 Qd1+ 28. Kg2 Qxb3 29. Qxa7 Qd5+ 30. Kg1 Qd1+ 31. Kg2 Qg4+ {...} 1/2-1/2